ARRUPE JESUIT UNIVERSITY

CORONAVIRUS -STOP THE SPREAD - CLEAN,DISINFECT,COVER

African ethics : (Record no. 127450)

MARC details
000 -LEADER
fixed length control field 01525cam a2200349 a 4500
001 - CONTROL NUMBER
control field 15953432
003 - CONTROL NUMBER IDENTIFIER
control field ARRUPE
005 - DATE AND TIME OF LATEST TRANSACTION
control field 20180119092917.0
008 - FIXED-LENGTH DATA ELEMENTS--GENERAL INFORMATION
fixed length control field 091020s2009 sa b 001 0 eng
010 ## - LIBRARY OF CONGRESS CONTROL NUMBER
LC control number 2009404399
020 ## - INTERNATIONAL STANDARD BOOK NUMBER
International Standard Book Number 9781869141745
020 ## - INTERNATIONAL STANDARD BOOK NUMBER
International Standard Book Number 1869141741
040 ## - CATALOGING SOURCE
Original cataloging agency DLC
Transcribing agency DLC
043 ## - GEOGRAPHIC AREA CODE
Geographic area code f------
050 00 - LIBRARY OF CONGRESS CALL NUMBER
Classification number B5305
Item number .A35 2009
300 ## - PHYSICAL DESCRIPTION
Dimensions 24 cm.
245 00 - TITLE STATEMENT
Title African ethics :
Remainder of title an anthology of comparative and applied ethics /
Statement of responsibility, etc edited by Munyaradzi Felix Murove.
260 ## - PUBLICATION, DISTRIBUTION, ETC. (IMPRINT)
Place of publication, distribution, etc Scottsville, South Africa :
Name of publisher, distributor, etc University of Kwazulu-Natal Press,
Date of publication, distribution, etc 2009.
300 ## - PHYSICAL DESCRIPTION
Extent xvi, 461 p. ;
504 ## - BIBLIOGRAPHY, ETC. NOTE
Bibliography, etc Includes bibliographical references and index.
505 0# - FORMATTED CONTENTS NOTE
Formatted contents note African ethics in the world -- The primacy of ubuntu in African ethics -- African ethics and Christianity -- African bioethics -- African business ethics -- African ethics and the environment -- African ethics and political transformation.
650 #0 - SUBJECT ADDED ENTRY--TOPICAL TERM
Topical term or geographic name as entry element Philosophy, African.
9 (RLIN) 38735
650 #0 - SUBJECT ADDED ENTRY--TOPICAL TERM
Topical term or geographic name as entry element Ethics
Geographic subdivision Africa.
9 (RLIN) 9259
650 #0 - SUBJECT ADDED ENTRY--TOPICAL TERM
Topical term or geographic name as entry element Religious thought
Geographic subdivision Africa.
9 (RLIN) 38736
650 #0 - SUBJECT ADDED ENTRY--TOPICAL TERM
Topical term or geographic name as entry element Social values
Geographic subdivision Africa.
9 (RLIN) 37996
650 #0 - SUBJECT ADDED ENTRY--TOPICAL TERM
Topical term or geographic name as entry element Ethics
Geographic subdivision South Africa.
9 (RLIN) 31448
650 #0 - SUBJECT ADDED ENTRY--TOPICAL TERM
Topical term or geographic name as entry element Ubuntu (Philosophy)
9 (RLIN) 38737
650 #0 - SUBJECT ADDED ENTRY--TOPICAL TERM
Topical term or geographic name as entry element Ethics, Comparative.
9 (RLIN) 38738
650 #0 - SUBJECT ADDED ENTRY--TOPICAL TERM
Topical term or geographic name as entry element Applied ethics.
9 (RLIN) 38739
700 1# - ADDED ENTRY--PERSONAL NAME
Personal name Murove, Munyaradzi Felix.
9 (RLIN) 38740
906 ## - LOCAL DATA ELEMENT F, LDF (RLIN)
a 7
b cbc
c origres
d 3
e ncip
f 20
g y-gencatlg
942 ## - ADDED ENTRY ELEMENTS (KOHA)
Source of classification or shelving scheme Library of Congress Classification
Koha item type Monograph ( Printed materials)
Holdings
Withdrawn status Lost status Source of classification or shelving scheme Damaged status Not for loan Collection code Home library Current library Shelving location Date acquired Total Checkouts Full call number Barcode Date last seen Date checked out Price effective from Koha item type
    Library of Congress Classification     Main Collection ARRUPE LIBRARY ARRUPE LIBRARY Main Collection 19/01/2018 21 B5305 .A35 2009 46600000832 27/04/2026 28/04/2025 19/01/2018 Monograph ( Printed materials)

 

Arrupe Library. PO Box MP320 Mt Pleasant, Harare, Zimbabwe
263 242 745411|librarian@aju.ac.zw